Welcome to the Holygrace Academy Library

Please use search bar below to get started

VITAL SIGNS (Record no. 2932)

MARC details
000 -LEADER
fixed length control field 00606nam a22001457a 4500
020 ## - INTERNATIONAL STANDARD BOOK NUMBER
ISBN 0-330-32147-1
082 ## - DEWEY DECIMAL CLASSIFICATION NUMBER
Classification number 823
Item number COO/V
100 ## - MAIN ENTRY--AUTHOR NAME
Personal name COOK, ROBIN
245 ## - TITLE STATEMENT
Title VITAL SIGNS
260 ## - PUBLICATION, DISTRIBUTION, ETC. (IMPRINT)
Place of publication GREAT BRITAIN
Name of publisher MACMILLAN
Year of publication 2001
300 ## - PHYSICAL DESCRIPTION
Number of Pages 396
520 ## - SUMMARY, ETC.
Summary, etc Vital Signs is a novel by Robin Cook. Like most of Cook's other work, it is a medical thriller. It's about a successful epidemiologist and married woman Marissa Blumenthal. When she discovers that she cannot conceive, her obsession with getting pregnant leads her to investigate the fertility market.
650 ## - SUBJECT ADDED ENTRY--TOPICAL TERM
Topical Term NOVEL
Geographic subdivision GREAT BRITAIN
942 ## - ADDED ENTRY ELEMENTS (KOHA)
Koha item type Books
Holdings
Withdrawn status Lost status Collection code Home library Current library Shelving location Date acquired Source of acquisition Full call number Accession Number Koha item type
    Fiction Main Library Main Library SHELF-14C- ALPHABETICAL -C--ENGLISH NOVELS & FICTIONS 05/08/2011 purchase 823 COO/V 05544 Books